| 000 | 00483nam a22001697a 4500 | ||
|---|---|---|---|
| 003 | SGT | ||
| 020 | _a9788186809990 | ||
| 082 |
_a617.601 _bE22P |
||
| 100 | _aPeter, Soben | ||
| 245 |
_aEssentials of Public Health Dentistry _bCommunity Dentistry |
||
| 250 | _a7th | ||
| 260 |
_aDelhi, India _bArya Medi Publishing _c2022 |
||
| 300 | _a796 | ||
| 650 | _aPublic Health Dentistry; Community Dentistry | ||
| 653 | _aPublic Health Dentistry; Community Dentistry | ||
| 942 |
_2ddc _cBK _0289 |
||
| 999 |
_c22799 _d22799 |
||